[Event "74th RUS-ch Superfinal 2021"]
[Site "Ufa"]
[Date "2021.10.10"]
[Round "2.5"]
[White "Goryachkina, Aleksandra"]
[Black "Motylev, Alexander"]
[Result "1-0"]
[WhiteElo "2602"]
[BlackElo "2624"]
[Annotator "TA"]
[PlyCount "81"]
[EventDate "2021.10.09"]
[EventType "tourn"]
[EventCountry "RUS"]
[SourceTitle "playchess.com"]
[Source "ChessBase"]
[SourceQuality "1"]

{[%evp 21,81,0,0,0,0,0,8,0,12,13,51,52,47,42,58,57,59,40,45,0,66,62,53,53,72,67,65,19,19,19,20,14,22,8,50,47,81,72,88,80,114,110,125,97,93,54,142,141,216,201,215,206,206,213,204,170,336,333,311,310,658,653]} 1. c4 c6 2. Nf3 d5 3. d4 Nf6 4. Nc3 e6 5. e3 Nbd7 6. Qc2 Bd6 7. b3 O-O 8. Be2 b6 9. O-O Bb7 10. Bb2 Qe7 11. Rfe1 Rfe8 12. e4 {D45: Semi-Slav: 5 e3.} Nxe4 13. Nxe4 dxe4 14. Qxe4 {The position is equal.} Bb4 15. Red1 Ba3 16. Bxa3 Qxa3 {[#]} 17. Ne5 $146 ({Predecessor:} 17. c5 Rad8 18. Qe3 Ba6 19. Bxa6 {½-½ (19) Krasenkow,M (2619)-Fressinet,L (2677) Mulhouse 2011}) 17... Nxe5 18. dxe5 Rad8 19. Bf3 Ba8 20. Qh4 Qf8 ({Black should try} 20... Rxd1+ $11 21. Rxd1 h6) 21. h3 h6 22. Be4 f5 23. exf6 Qxf6 24. Qg3 c5 25. Bg6 Rf8 26. Rab1 Bc6 27. Rxd8 Qxd8 28. Re1 Rf6 29. Re3 Qe7 30. a4 Rf8 31. Qe5 Rf6 32. Rg3 Rf8 33. Bc2 Rf6 (33... Qf6 $14 34. Qc7 Be8) 34. Rd3 $16 Rf8 {[#]} (34... Bb7 $16 35. Rd6 Qc7) 35. Rd6 $1 $18 {[%cal Rd6c6]} Bd7 36. a5 bxa5 37. Qxc5 Bc8 38. Rc6 Qd8 {[#]} (38... Qxc5 {was necessary.} 39. Rxc5 a4) 39. Rc7 (39. Qxa7 Qd2 $11) 39... a6 40. Kh2 Bd7 $2 (40... e5 41. Bg6 (41. Qxa5 Rf7 $16) 41... e4) 41. Qa7 {Weighted Error Value: White=0.09/Black=0.39} 1-0

[Event "74th RUS-ch Superfinal 2021"]
[Site "Ufa"]
[Date "2021.10.10"]
[Round "2.6"]
[White "Andreikin, Dmitry"]
[Black "Ponkratov, Pavel"]
[Result "1/2-1/2"]
[WhiteElo "2728"]
[BlackElo "2659"]
[Annotator "TA"]
[PlyCount "42"]
[EventDate "2021.10.09"]
[EventType "tourn"]
[EventCountry "RUS"]
[SourceTitle "playchess.com"]
[Source "ChessBase"]
[SourceQuality "1"]

{[%evp 14,42,31,33,33,35,27,23,28,29,35,27,34,-14,-1,-18,20,22,11,-17,-9,-15,19,0,0,-32,8,0,0,-21,0]} 1. d4 Nf6 2. Nf3 e6 3. c4 b6 4. a3 Bb7 5. Nc3 Ne4 6. Nxe4 Bxe4 7. Nd2 Bg6 8. g3 Nc6 {E12: Queen's Indian: Unusual White 4th moves, 4 a3, 4 Nc3 Bb7 5 a3 and 4 Nc3 Bb7 .} 9. e3 e5 10. d5 Na5 {[#] White has an edge.} 11. e4 $146 ({Predecessor:} 11. Bg2 Bd6 12. b4 Nb7 13. Bb2 O-O 14. O-O a5 15. Qb3 Qe7 16. Bc3 Ra7 17. e4 axb4 18. axb4 {1-0 (57) Korobov,A (2687)-Rapport,R (2736) Hengshui 2019}) 11... Bc5 12. h4 {[#] And now h5 would win.} h6 13. Bh3 O-O 14. Qg4 Qf6 15. O-O Bd4 16. Qe2 Qe7 17. Qg4 Qf6 18. Qe2 (18. Qxd7 $11 Bh5 19. g4 (19. Qxc7 $2 Be2 $19)) 18... Qe7 $15 19. Qg4 Qf6 20. Qe2 Qe7 21. Qg4 Qf6 {Weighted Error Value: White=0.09/Black=0.09} 1/2-1/2

[Event "74th RUS-ch Superfinal 2021"]
[Site "Ufa"]
[Date "2021.10.11"]
[Round "3.1"]
[White "Ponkratov, Pavel"]
[Black "Matlakov, Maxim"]
[Result "1/2-1/2"]
[WhiteElo "2659"]
[BlackElo "2682"]
[Annotator "TA"]
[PlyCount "80"]
[EventDate "2021.10.09"]
[EventType "tourn"]
[EventCountry "RUS"]
[SourceTitle "playchess.com"]
[Source "ChessBase"]
[SourceQuality "1"]

{[%evp 19,80,0,0,-3,2,0,12,15,22,0,20,18,8,14,23,18,20,25,47,43,58,56,56,41,58,41,47,54,54,47,79,83,99,55,50,55,37,49,76,-11,0,-4,0,0,0,-12,-10,-13,-22,-29,0,0,43,0,26,0,35,0,36,0,15,0,22]} 1. e4 e5 2. Nf3 Nc6 3. Bb5 a6 4. Ba4 Nf6 5. O-O b5 6. Bb3 Bc5 7. c3 d6 8. d4 Bb6 9. Re1 O-O 10. h3 Bb7 11. Bg5 {11.a4 is vanishing. C78: Ruy Lopez: Archangelsk and Möller Defences.} h6 12. Bh4 Re8 13. d5 {[#] aiming for Bxf6.} Na5 14. Bc2 g5 15. Bg3 c6 16. dxc6 {[#]} Nxc6 $146 {[%cal Ba5c6,Bc6e7,Be7g6][%mdl 32]} ({Predecessor:} 16... Bxc6 17. Nbd2 Ra7 18. Qe2 Rd7 19. b4 Nb7 20. a4 Qb8 21. axb5 axb5 22. h4 g4 {1-0 (44) Oparin,G (2413)-Narayanan,S (2336) Trieste 2011}) 17. Nbd2 Ne7 18. Nh2 h5 {[#] ...h4 is the strong threat.} 19. Nhf3 Nh7 20. Nf1 Ng6 21. Ne3 Bxe3 22. Rxe3 Qf6 23. a4 Nhf8 24. Re1 Rad8 25. axb5 axb5 26. Ra7 Re7 27. Nd2 h4 28. Bh2 Ne6 29. Qe2 (29. Nf1 $16) 29... b4 $11 30. Qe3 bxc3 31. bxc3 Bc6 32. Ra6 Rc7 33. Rb6 Rdc8 34. Bd3 Nc5 35. Bf1 Nd7 36. Rb2 Nc5 37. Rb6 Nd7 38. Rb2 Nc5 39. Rb6 Nd7 40. Rb2 Nc5 {Weighted Error Value: White=0.12/Black=0.10} 1/2-1/2

[Event "74th RUS-ch Superfinal 2021"]
[Site "Ufa"]
[Date "2021.10.11"]
[Round "3.2"]
[White "Motylev, Alexander"]
[Black "Andreikin, Dmitry"]
[Result "1/2-1/2"]
[WhiteElo "2624"]
[BlackElo "2728"]
[Annotator "TA"]
[PlyCount "49"]
[EventDate "2021.10.09"]
[EventType "tourn"]
[EventCountry "RUS"]
[SourceTitle "playchess.com"]
[Source "ChessBase"]
[SourceQuality "1"]

{[%evp 14,49,38,34,47,25,37,0,0,0,0,0,0,0,0,0,8,0,0,0,0,0,0,0,0,0,0,0,0,0,0,0,0,0,0,0,0,0]} 1. e4 c5 2. Nf3 e6 3. d4 cxd4 4. Nxd4 a6 5. Bd3 Bc5 6. Nb3 Ba7 7. Qg4 (7. O-O Ne7 8. Qe2 Nbc6 9. c4 O-O 10. Nc3 d6 11. Be3 e5 12. Bxa7 Rxa7 13. Rfd1 Be6 14. Qe3 b6 15. Bf1 Qb8 16. Rd2 Rd8 17. Rad1 Rb7 18. Nd5 a5 19. Nc3 Ra7 20. Nb5 Rad7 21. Na1 f5 22. exf5 Nxf5 {½-½ (32) Motylev,A (2676)-Andreikin,D (2706) Nizhnij Novgorod 2013}) 7... Nf6 8. Qg3 {e5 is the strong threat.} d6 {B42: Sicilian: Kan Variation: 5 Bd3.} 9. Nc3 ({Not} 9. Qxg7 Rg8 $17) 9... Nc6 10. Bg5 ({Inferior is} 10. Qxg7 Rg8 $17) 10... h6 {The position is equal.} 11. Bd2 Nh5 12. Qf3 Nf6 13. O-O-O Ne5 14. Qg3 b5 {[%cal Bb7b5,Bb5b4][%mdl 32]} 15. Kb1 {[#]} b4 $146 (15... Nh5 $5 16. Qh3 $8 Nf6 $11) ({Predecessor:} 15... Bb7 16. f3 Nh5 17. Qh3 Nf6 18. Qg3 Nh5 19. Qh3 Nf6 20. Qg3 {½-½ (18) Alekseev,E (2617)-Babula,V (2559) Tornelo INT 2021}) 16. Ne2 ({Much weaker is} 16. Qxg7 Rg8 $17) 16... Rb8 17. Qxg7 Rg8 18. Qxh6 {Hoping for f3.} Nfg4 $1 {[%cal Rg4h6]} 19. Qh7 Kd7 $1 20. f4 Rh8 $1 {[%cal Rh8h7]} 21. Qg7 Rg8 22. Qh7 Rh8 $1 {[%cal Rh8h7]} 23. Qg7 Rg8 24. Qh7 Rh8 $1 {[%cal Rh8h7]} 25. Qg7 {Weighted Error Value: White=0.03/Black=0.00} 1/2-1/2

[Event "74th RUS-ch Superfinal 2021"]
[Site "Ufa"]
[Date "2021.10.11"]
[Round "3.3"]
[White "Alekseenko, Kirill"]
[Black "Goryachkina, Aleksandra"]
[Result "1-0"]
[WhiteElo "2710"]
[BlackElo "2602"]
[Annotator "TA"]
[PlyCount "83"]
[EventDate "2021.10.09"]
[EventType "tourn"]
[EventCountry "RUS"]
[SourceTitle "playchess.com"]
[Source "ChessBase"]
[SourceQuality "1"]

{[%evp 18,83,20,17,25,23,25,25,22,25,9,0,0,0,10,0,22,-2,24,0,35,42,34,41,45,49,71,21,72,74,63,75,56,34,83,82,95,104,86,98,143,118,133,115,179,144,148,121,169,126,158,148,158,166,317,335,420,291,283,0,406,403,475,467,877,871,826,814]} 1. d4 Nf6 2. c4 e6 3. Nc3 d5 4. cxd5 exd5 5. Bg5 c6 6. e3 h6 7. Bh4 Be7 8. Qc2 O-O 9. Bd3 Re8 10. Nge2 a5 {D36: Queen's Gambit Declined: Exchange Variation: Main line (5 Bg5 c6 6 Qc2).} 11. O-O Na6 {[%cal Bb8a6,Ba6c7,Bc7e6][%mdl 32]} 12. a3 Nc7 {[#] White has an edge.} 13. Na4 $146 ({Predecessor:} 13. f3 Ne6 14. Bf2 c5 15. Rad1 c4 16. Bf5 g6 17. Bh3 Ng5 18. Bxc8 Qxc8 19. e4 dxe4 20. fxe4 {1-0 (30) Egorov,P (2238)-Suvrajit,S (2198) Chess.com INT 2020}) 13... Ne6 14. f3 b5 {[%cal Bb7b5,Bb5b4][%mdl 32]} 15. Nac3 (15. Qxc6 $2 Bd7 $19) 15... Bb7 16. Rad1 b4 17. Na4 Nd7 18. Bf2 c5 {White should prevent ...c4.} 19. Bb5 Ba6 20. Bxa6 Rxa6 21. dxc5 Ndxc5 22. axb4 axb4 (22... Nxa4 $11 23. Qxa4 Bxb4) 23. Nxc5 $16 Bxc5 24. Nf4 {[#] Threatens to win with Nxe6.} b3 25. Qc1 {Strongly threatening Nxe6.} Nxf4 26. Qxc5 Ne6 27. Qxd5 Qxd5 28. Rxd5 Ra2 {[#]} 29. Rb1 Rc8 30. Be1 Rc4 (30... Rc2 $16) 31. Bc3 Nc5 32. Rd8+ Kh7 {intending ...Na4.} 33. Rb8 f6 34. Kf1 Kg6 35. Rc8 Rxc3 $2 (35... Raa4 {was worth a try.} 36. Rc6 Ra6) 36. bxc3 $18 {[%mdl 4096] Endgame KRR-KRN} Nd3 {If only Black now had time for ...Rf2+....} 37. Rd8 ({And not} 37. Rxb3 Ra1+ 38. Ke2 Nc1+ 39. Kd2 Nxb3+ 40. Kc2 Na5 $15) 37... Nc5 38. Rc8 (38. Rd5 $142 b2 39. Kf2 (39. Rxc5 Ra1 $14)) 38... Nd3 {and the idea ...Rf2+ leaves Black hopeful.} 39. Rb8 ({Weaker is} 39. Rxb3 Ra1+ 40. Ke2 Nc1+ 41. Kd2 Nxb3+ 42. Kc2 Na5 $15) 39... Rf2+ 40. Kg1 {White is clearly winning.} b2 (40... Rc2 $142 41. R8xb3 Ne5) 41. Rd8 Rd2 42. c4 {Weighted Error Value: White=0.26/Black=0.27} 1-0

[Event "74th RUS-ch Superfinal 2021"]
[Site "Ufa"]
[Date "2021.10.11"]
[Round "3.4"]
[White "Vitiugov, Nikita"]
[Black "Fedoseev, Vladimir"]
[Result "1-0"]
[WhiteElo "2727"]
[BlackElo "2704"]
[Annotator "TA"]
[PlyCount "83"]
[EventDate "2021.10.09"]
[EventType "tourn"]
[EventCountry "RUS"]
[SourceTitle "playchess.com"]
[Source "ChessBase"]
[SourceQuality "1"]

{[%evp 12,83,40,38,52,26,28,30,36,40,49,48,46,33,38,32,34,37,39,41,43,34,19,20,20,53,22,38,37,2,4,-32,-23,-49,-8,-6,0,0,0,-34,-4,-37,-41,-43,0,-24,12,0,-1,-9,0,0,0,0,8,0,0,0,0,0,0,0,0,0,0,0,0,0,0,0,0,0,897,856]} 1. d4 Nf6 2. c4 g6 3. Nc3 Bg7 4. e4 d6 5. Nf3 O-O 6. Be2 e5 7. O-O b6 {[#] E94: King's Indian: Classical: 6 Be2 e5 7 0-0: Various Black 7th moves.} 8. Re1 $146 ({Predecessor:} 8. Be3 Nbd7 9. Qc2 exd4 10. Nxd4 Bb7 11. f3 Nc5 12. Rad1 Qe7 13. Rfe1 Ne6 14. Qd2 a6 15. Bf1 {½-½ (60) Szerlak,A (2347)-Chen,F (2302) ICCF email 2018}) 8... exd4 9. Nxd4 Bb7 {White has an edge.} 10. f3 Ne8 11. Be3 c5 12. Nc2 Be5 13. Bf1 f5 14. exf5 gxf5 15. Bh6 Bxh2+ $1 {[%mdl 64] [#] Decoy} 16. Kxh2 Qh4+ 17. Kg1 Qxh6 18. Re7 Bc6 19. b4 {b5 is the strong threat.} Qg5 20. Qe2 {[%mdl 1024] Threatening Qe6+. White has compensation.} Ng7 21. Nd5 Nd7 22. f4 Qh6 {White must now prevent ...Bxd5.} 23. Nce3 $132 {[%mdl 2048] White is not keeping still} Bxd5 24. Nxd5 Rae8 25. Re1 Nf6 26. Qf3 cxb4 27. Rxe8 Nfxe8 28. Re7 a5 (28... Rf7 {seems wilder.} 29. Re3 Ne6 30. Nxb4 N8c7 31. Nc6 Nxf4 32. Re7 a6) 29. Nxb6 Nf6 {Strongly threatening ...Ng4.} 30. Nd5 $1 Kh8 31. Nxf6 Qxf6 32. Ra7 d5 {[%mdl 64] Threatens to win with ...dxc4. Decoy} 33. cxd5 Qd4+ 34. Qf2 Qxd5 35. Qb6 Ra8 36. Bc4 Qd1+ 37. Kh2 Qh5+ 38. Kg1 Rxa7 39. Qxa7 Qd1+ 40. Kh2 {White threatens Qb8+ and mate.} Qd8 41. g3 h5 $2 {[%mdl 8192] [#]} (41... Qc8 $11 42. Bf7 Qf8) 42. Qa6 $1 {[%cal Ra6h6] Weighted Error Value: White=0.06/Black=0.08} 1-0

[Event "74th RUS-ch Superfinal 2021"]
[Site "Ufa"]
[Date "2021.10.11"]
[Round "3.5"]
[White "Esipenko, Andrey"]
[Black "Predke, Alexandr"]
[Result "1/2-1/2"]
[WhiteElo "2720"]
[BlackElo "2666"]
[Annotator "TA"]
[PlyCount "81"]
[EventDate "2021.10.09"]
[EventType "tourn"]
[EventCountry "RUS"]
[SourceTitle "playchess.com"]
[Source "ChessBase"]
[SourceQuality "1"]

{[%evp 10,81,25,26,21,24,25,17,37,23,34,21,16,11,10,0,0,0,5,19,5,0,0,0,0,0,8,0,0,0,14,21,23,-16,-14,-11,-11,4,7,16,8,0,0,-23,-23,-34,-27,-19,-28,-48,-20,-61,-17,-52,-7,-26,-6,-31,-35,-47,0,-5,14,0,8,8,26,26,26,26,29,20,20,21]} 1. e4 {Lenderman,A} e5 2. Nf3 Nc6 3. Bc4 Bc5 4. d3 Nf6 5. Bg5 h6 6. Bh4 Be7 {C50: Hungarian Defence and Giuoco Pianissimo.} 7. Bg3 d6 8. a4 a5 9. O-O O-O {[#]} 10. Re1 $146 ({Predecessor:} 10. h3 Kh8 11. c3 Nh7 12. Qb3 f5 13. exf5 Bf6 14. Be6 Ne7 15. Nh4 Qe8 16. Bxc8 Rxc8 {0-1 (41) Karjakin,S (2781)-Aronian,L (2793) Stavanger 2017 CBM 179 [Lenderman,A]}) 10... Nh7 11. h3 Kh8 12. Nbd2 f5 13. exf5 Bxf5 14. c3 Ng5 15. Nxg5 Bxg5 16. Nf3 Bf6 17. Qb3 Qd7 18. Qb5 (18. Qxb7 $2 Rab8 $19) 18... Ra6 19. Qb3 ({Don't go for} 19. Qxb7 $2 Rb6 $19) 19... Raa8 20. Rad1 ({Don't blunder} 20. Qxb7 $2 Rfb8 $19) 20... Rae8 21. Nd2 ({Avoid the trap} 21. Qxb7 $2 Rb8 $19) 21... Ne7 {...d5 is the strong threat.} 22. Bf7 Rb8 23. Ne4 Ng6 24. Bxg6 Bxg6 25. d4 Bxe4 26. Rxe4 {[%cal Rd4e5]} exd4 27. cxd4 b5 28. axb5 Qxb5 29. Qc3 Qd5 (29... Qb3 $5 {[%cal Rb3d1]} 30. Rc1 Qxc3 31. bxc3 Rb3 $17) 30. Ree1 Rb7 31. Bf4 Qb5 32. Be3 a4 33. Rd2 c5 {White must now prevent ...Bd8.} 34. Rc1 Qb4 35. Qd3 {[%cal Rd4c5]} cxd4 {[#]} (35... Qb3 {seems wilder.} 36. dxc5 Qxd3 37. Rxd3 dxc5 38. Rxc5 Ra8) 36. Rc4 $1 dxe3 37. Rxb4 exf2+ 38. Rxf2 Rxb4 39. Qxd6 {[%mdl 64] Double Attack} Rfb8 {[#] And now ...Bd4 would win.} 40. Rxf6 gxf6 41. Qxf6+ {Weighted Error Value: White=0.07/Black=0.09} 1/2-1/2

[Event "74th RUS-ch Superfinal 2021"]
[Site "Ufa"]
[Date "2021.10.11"]
[Round "3.6"]
[White "Rakhmanov, Aleksandr"]
[Black "Chigaev, Maksim"]
[Result "1/2-1/2"]
[WhiteElo "2657"]
[BlackElo "2639"]
[Annotator "TA"]
[PlyCount "59"]
[EventDate "2021.10.09"]
[EventType "tourn"]
[EventCountry "RUS"]
[SourceTitle "playchess.com"]
[Source "ChessBase"]
[SourceQuality "1"]

{[%evp 20,59,19,24,23,25,31,33,31,20,32,22,16,14,27,28,31,27,33,33,31,25,28,24,41,22,37,43,67,21,34,38,33,26,53,27,22,0,54,0,33,0]} 1. Nf3 Nf6 2. b3 g6 3. Bb2 Bg7 4. g3 b6 5. Bg2 Bb7 6. O-O O-O 7. c4 c5 8. d4 cxd4 9. Qxd4 d6 10. Nc3 Nbd7 11. Rfd1 Ne4 {A30: Symmetrical English: Double Fianchetto and Hedgehog.} 12. Qe3 Nxc3 13. Bxc3 Nf6 14. Rac1 Qc7 {[#]} 15. Bxf6 $146 ({Predecessor:} 15. Nd4 Bxg2 16. Kxg2 Qb7+ 17. Qf3 Qxf3+ 18. exf3 Rfc8 19. Ne2 Rc6 20. Nd4 Rc7 21. Nc2 {½-½ (27) Hernandez Carmenates,H (2564)-Rivas Pastor,M (2533) Salou 2011}) 15... Bxf6 16. Nd2 Bxg2 17. Kxg2 Qc6+ 18. Ne4 Bg7 {[#] Hoping for ...f5.} 19. f3 Rad8 20. Rd5 e6 21. Rd3 f5 22. Nf2 Rfe8 23. Qd2 Rd7 24. Kf1 Bf8 25. a4 a6 26. Kg2 Rf7 27. Nh3 Rd7 28. Nf2 Rf7 29. Nh3 Rd7 30. Nf2 {Weighted Error Value: White=0.11/Black=0.05} 1/2-1/2

[Event "74th RUS-ch Superfinal 2021"]
[Site "Ufa"]
[Date "2021.10.12"]
[Round "4.2"]
[White "Predke, Alexandr"]
[Black "Rakhmanov, Aleksandr"]
[Result "1/2-1/2"]
[WhiteElo "2666"]
[BlackElo "2657"]
[Annotator "TA"]
[PlyCount "49"]
[EventDate "2021.10.09"]
[EventType "tourn"]
[EventCountry "RUS"]
[SourceTitle "playchess.com"]
[Source "ChessBase"]
[SourceQuality "1"]

{[%evp 11,49,32,29,0,14,0,51,50,38,37,47,21,28,24,33,0,0,0,0,0,0,0,16,-14,-6,-20,-22,-46,-30,-50,-52,-53,-23,-4,0,0,0,-39,0,0]} 1. Nf3 Nf6 2. c4 b6 3. d4 Bb7 4. Nc3 e6 5. a3 Ne4 6. Nxe4 Bxe4 7. h4 {E12: Queen's Indian: Unusual White 4th moves, 4 a3, 4 Nc3 Bb7 5 a3 and 4 Nc3 Bb7 .} h6 {[#]} 8. e3 $146 ({Predecessor:} 8. Nd2 Bb7 9. e4 d6 10. Bd3 Nd7 11. b4 Be7 12. h5 a5 13. Bb2 Nf6 14. d5 O-O {½-½ (31) Marino,M (2073)-Lloyd,G (2166) ICCF email 2008}) 8... a5 ({Black should play} 8... c5 $11) 9. Bd3 $14 {White is slightly better.} Bxd3 10. Qxd3 d6 11. Bd2 Nd7 12. g4 h5 13. g5 g6 $1 14. Bc3 Bg7 15. Nd2 O-O 16. f4 c6 17. e4 e5 18. f5 gxf5 19. O-O-O f4 20. Rhg1 exd4 21. Bxd4 Nc5 22. Qc3 {[#]} Na4 $1 23. Qd3 Nc5 24. Qc3 Na4 25. Qd3 {Weighted Error Value: White=0.12/Black=0.11} 1/2-1/2

[Event "74th RUS-ch Superfinal 2021"]
[Site "Ufa"]
[Date "2021.10.12"]
[Round "4.3"]
[White "Fedoseev, Vladimir"]
[Black "Esipenko, Andrey"]
[Result "1/2-1/2"]
[WhiteElo "2704"]
[BlackElo "2720"]
[Annotator "TA"]
[PlyCount "49"]
[EventDate "2021.10.09"]
[EventType "tourn"]
[EventCountry "RUS"]
[SourceTitle "playchess.com"]
[Source "ChessBase"]
[SourceQuality "1"]

{[%evp 17,49,31,33,0,0,0,0,0,0,-1,0,-2,0,0,0,-11,0,0,0,0,0,0,0,0,0,0,0,0,0,0,0,0,0,0]} 1. d4 Nf6 2. c4 e6 3. Nc3 Bb4 4. Qc2 d5 5. cxd5 exd5 6. Bg5 h6 7. Bh4 c5 8. dxc5 g5 9. Bg3 Ne4 {[#] Strongly threatening ...Qa5.} 10. O-O-O {E35: Nimzo-Indian: Classical: 4...d5 5 cxd5 exd5.} Bxc3 {The position is equal.} 11. f3 Bd2+ $1 12. Rxd2 Nxd2 13. Qxd2 Be6 {[#]} 14. Bd6 $146 ({Predecessor:} 14. h4 g4 15. e3 Nc6 16. Bb5 Qf6 17. Bd6 a6 18. Ba4 Rd8 19. f4 b5 20. Bc2 {½-½ (98) Holt,C (2548)-Smirnov,A (2569) Chess.com INT 2019}) 14... Nd7 15. e4 Rc8 16. Bb5 Qb6 17. Qc3 {[%cal Rc3h8] [#]} Qxd6 $1 18. Qxh8+ Qf8 19. Bxd7+ Bxd7 20. Qe5+ Qe7 21. Qh8+ Qf8 22. Qe5+ Qe7 23. Qh8+ Qf8 24. Qe5+ Qe7 25. Qh8+ {An uneventful encounter.  Weighted Error Value: White=0.04/Black=0.01} 1/2-1/2

[Event "74th RUS-ch Superfinal 2021"]
[Site "Ufa"]
[Date "2021.10.12"]
[Round "4.4"]
[White "Goryachkina, Aleksandra"]
[Black "Vitiugov, Nikita"]
[Result "1/2-1/2"]
[WhiteElo "2602"]
[BlackElo "2727"]
[Annotator "TA"]
[PlyCount "50"]
[EventDate "2021.10.09"]
[EventType "tourn"]
[EventCountry "RUS"]
[SourceTitle "playchess.com"]
[Source "ChessBase"]
[SourceQuality "1"]

{[%evp 12,50,29,30,35,29,30,-10,12,0,71,82,75,65,69,71,85,75,66,73,75,65,72,61,94,43,70,28,42,0,0,0,0,0,0,0,0,0,0,0,0]} 1. d4 Nf6 2. c4 e6 3. g3 d5 4. Nf3 dxc4 5. Bg2 Nbd7 6. O-O c6 7. a4 $1 {7.a4 is better than 7.Qc2.} b6 {[#] E04: Open Catalan: 5 Nf3.} 8. Bg5 $146 {[%mdl 1024] White has compensation.} ({Predecessor:} 8. Qc2 Ba6 9. Nbd2 Rc8 10. Nxc4 Be7 11. Nfe5 Nxe5 12. dxe5 Nd7 13. Nd6+ Bxd6 14. exd6 O-O 15. Rd1 {½-½ (50) Vallejo Pons,F (2755)-Boruchovsky,A (2602) Chess.com INT 2018}) 8... Be7 9. Nbd2 Ba6 10. Rc1 b5 (10... O-O $11 {remains equal.}) 11. Ne5 $16 Nxe5 12. dxe5 Nd5 13. Bxe7 Qxe7 ({Don't play} 13... Kxe7 14. axb5 Bxb5 15. Nxc4 $16) 14. axb5 Bxb5 15. Nxc4 Bxc4 16. Rxc4 Qb7 17. Qc1 Rc8 18. Bxd5 ({White should try} 18. Rg4 $16) 18... exd5 $14 19. Rg4 O-O 20. Rxg7+ Kxg7 {The position is equal.} 21. Qg5+ Kh8 22. Qf6+ Kg8 23. Qg5+ Kh8 24. Qf6+ Kg8 {[#] Hoping for ...h6.} 25. Qg5+ Kh8 {Weighted Error Value: White=0.12/Black=0.14} 1/2-1/2

[Event "74th RUS-ch Superfinal 2021"]
[Site "Ufa"]
[Date "2021.10.12"]
[Round "4.5"]
[White "Andreikin, Dmitry"]
[Black "Alekseenko, Kirill"]
[Result "1-0"]
[WhiteElo "2728"]
[BlackElo "2710"]
[Annotator "TA"]
[PlyCount "43"]
[EventDate "2021.10.09"]
[EventType "tourn"]
[EventCountry "RUS"]
[SourceTitle "playchess.com"]
[Source "ChessBase"]
[SourceQuality "1"]

{[%evp 17,43,15,25,25,48,26,42,19,59,64,98,92,82,86,136,139,267,248,311,214,189,195,547,513,522,492,484,500]} 1. d4 Nf6 2. c4 e6 3. Nf3 d5 4. g3 Bb4+ 5. Nbd2 {[%cal Bb1d2,Bd2c4,Bc4e3,Be3f5][%mdl 32]} O-O 6. Bg2 b6 7. O-O Bb7 8. Ne5 Bd6 9. cxd5 exd5 {[#]} 10. Ndc4 $1 {E16: Queen's Indian: 4 g3 Bb7 5 Bg2 Bb4+.} Re8 {[#]} (10... Be7 11. Ne3) 11. Bg5 $1 Be7 {[#]} (11... Na6 12. Rc1) 12. Rc1 $1 {White is slightly better.} c6 (12... h6 13. Bxf6) 13. Ne3 h6 14. Bxf6 Bxf6 15. f4 {[#]} Nd7 $146 {[%cal Rd7e5] [#]} ({Predecessor:} 15... Qd6 16. Qb3 Nd7 17. Nf5 Qe6 18. Bh3 Bxe5 19. fxe5 Nf8 20. Qf3 Ba6 21. Nxg7 Qxh3 22. Qxf7+ Kh8 23. Nxe8 {1-0 (25) Hoelzl,F (2334)-Poetz,F (2411) Austria 2012}) 16. Nf5 $1 Nf8 (16... Be7 $16) 17. e4 $18 ({Weaker is} 17. Nxc6 Qd7 $16) 17... Ng6 18. Qh5 {Nxf7! is the strong threat.} dxe4 19. Bxe4 Re6 $2 (19... Rc8 20. Rfe1 Nh8) 20. Nxh6+ {White is clearly winning.} gxh6 21. Bxg6 Qxd4+ 22. Rf2 {White took control after the opening.  Weighted Error Value: White=0.15/Black=0.73} 1-0